| 000 | 00815nam a2200241 a 4500 | ||
|---|---|---|---|
| 001 | 13442 | ||
| 003 | BD-JhCC | ||
| 005 | 20230924104557.0 | ||
| 008 | 171004s2021 b a|||| ||a| 00| 0 ben d | ||
| 020 | _a9849848013878 | ||
| 035 | _a(BD-JhCC)13442 | ||
| 040 |
_aBD-JhCC _dBD-JhCC |
||
| 041 | _abengali | ||
| 082 |
_223 _a891.4435 _bSHA 2021 |
||
| 100 | _aশামীম, মিজানুর রহমান | ||
| 245 |
_aছোটদের নীতিশিক্ষার মজার মজার গল্প / _cমিজানুর রহমান শামীম। |
||
| 260 |
_aঢাকা : _bশব্দশিল্প প্রকাশন; _c2021 |
||
| 300 |
_a64 p. : _bill; _c26 cm. |
||
| 650 | _a Bangali Short stories. | ||
| 651 | _aBangladesh | ||
| 942 |
_2ddc _cBK _019 |
||
| 999 |
_c13442 _d13442 |
||